| 000 | 01151nam a2200229Ia 4500 | ||
|---|---|---|---|
| 003 | Ost | ||
| 005 | 20260507075031.0 | ||
| 008 | 260507s9999||||xx |||||||||||||| ||und|| | ||
| 020 | _a7228119957 | ||
| 040 | _cfsecg | ||
| 041 | _aara | ||
| 082 | _a330 | ||
| 100 |
_aشيخون، محمد _eمؤلف |
||
| 245 | 0 |
_aالمصارف الإسلامية : _bدراسة في تقويم المشروعات الدينية والدور الإقتصادي والسياسي / _c محمد شيخون |
|
| 260 |
_aعمان: _bدار وائل للنشر, _c2001 |
||
| 300 |
_a579 صفحة؛ _bإيضاحات ؛ _c24 سم |
||
| 520 | _aأهمية فقه الربا والفائدة في بناء المنطلقات الفكرية للصيرفة الإسلامية- وظائف المصارف الإسلامية- الأهداف الإقتصادية والسياسية للقوى المؤسسة للمصارف الإسلامية- المصارف الإسلامية في الوطن العربي والعالم الإسلامي | ||
| 653 | _aالإسلام والبنوك | ||
| 653 | _aالبنوك | ||
| 653 | _aالبنوك الإسلامية | ||
| 942 | _cكتاب | ||
| 999 |
_c42405 _d42405 |
||